| 000 | 00485cam a2200181ua 4500 | ||
|---|---|---|---|
| 001 | 1775 | ||
| 008 | 110811n ii |||gr||||Z||||||eng | ||
| 040 | _cMAIN | ||
| 082 | _a370.15 | ||
| 100 | _aSarma, Mukul Kr., | ||
| 245 | 1 |
_aParisankhya bigyan aru saikhik parimapan _cby Mukul Kr. Sarma |
|
| 250 | _a2nd. | ||
| 260 |
_aDibrugarh: _bStudents Emporium,997. |
||
| 300 |
_a447p: _bill; _c23cm. |
||
| 653 | _aEducation | ||
| 653 | _aParisankhya bigyan aru saikhik parimapan | ||
| 942 | _cBK | ||
| 999 |
_c1659 _d1659 |
||